|
|
|
|
| LEADER |
00961nam a2200229 a 4500 |
| 001 |
4488969 |
| 008 |
100802s1997 enk b 001 0 eng d |
| 010 |
|
|
|a 97017713
|
| 020 |
|
|
|a 9780192853837
|
| 020 |
|
|
|a 019285318X (pbk.)
|
| 040 |
|
|
|a DLC
|c DLC
|d DLC
|d DB-DhAAL
|
| 082 |
0 |
0 |
|a 801/.95
|2 21
|
| 100 |
1 |
|
|a Culler, Jonathan D.
|
| 245 |
1 |
0 |
|a Literary theory :
|b a very short introduction /
|c Jonathan Culler.
|
| 260 |
|
|
|a Oxford ;
|a New York :
|b Oxford University Press,
|c c1997.
|
| 300 |
|
|
|a 149 p. ;
|c 20 cm.
|
| 504 |
|
|
|a Includes bibliographical references (p. [133]-141) and index.
|
| 541 |
1 |
|
|e 00020801
|
| 650 |
|
0 |
|a Criticism.
|
| 852 |
4 |
|
|a Ayesha Abed Library
|j General Shelf.
|
| 999 |
|
|
|c 9291
|d 9291
|
| 952 |
|
|
|0 0
|1 0
|2 ddc
|4 1
|6 801_950000000000000_CUL_1997
|7 0
|9 11718
|a ENH
|b ENH
|d 2010-08-24
|l 1
|o 801.95 CUL
|p 3010020801
|r 2014-05-14
|s 2013-02-25
|t 1
|w 2010-08-24
|y BK
|x Departmental-issued damaged books were found in the ENH department for the reason of termites eaten in 2016
|